Внедрение информационных систем в средне-техническое образование; Технологии Microsoft в теории и практике программирования

Bibliografski detalji
Parent link:Технологии Microsoft в теории и практике программирования.— 2013.— [С. 243-245]
Glavni autor: Алексеева А. А.
Autori kompanije: Национальный исследовательский Томский политехнический университет (ТПУ) Отдел элитного образования (ОЭО), Национальный исследовательский Томский политехнический университет (ТПУ) Институт кибернетики (ИК) Кафедра оптимизации систем управления (ОСУ)
Daljnji autori: Силич В. А. Виктор Алексеевич (научный руководитель), Тараник М. А. Максим Алексеевич
Sažetak:Заглавие с титульного листа.
The article is devoted to the implementation of information system in college education. Article describes the problems when receiving documents to enroll in college, and a number of tasks. As a methodological tool for the task, the methodology used IDEF.
Jezik:ruski
Izdano: 2013
Serija:Технологии разработки и проектирования информационных систе
Teme:
Online pristup:http://www.lib.tpu.ru/fulltext/c/2013/C28/095.pdf
Format: Elektronički Poglavlje knjige
KOHA link:https://koha.lib.tpu.ru/cgi-bin/koha/opac-detail.pl?biblionumber=603259

MARC

LEADER 00000naa2a2200000 4500
001 603259
005 20260226160512.0
035 |a (RuTPU)RU\TPU\conf\410 
035 |a RU\TPU\conf\409 
090 |a 603259 
100 |a 20131225d2013 k y0rusy50 ca 
101 0 |a rus 
102 |a RU 
135 |a drcn ---uucaa 
181 0 |a i  
182 0 |a b 
200 1 |a Внедрение информационных систем в средне-техническое образование  |f А. А. Алексеева  |g науч. рук. В. А. Силич ; М. А. Тараник 
203 |a Текст  |c электронный 
225 1 |a Технологии разработки и проектирования информационных систе 
300 |a Заглавие с титульного листа. 
320 |a [Библиогр.: с. 245 (4 назв.) 
330 |a The article is devoted to the implementation of information system in college education. Article describes the problems when receiving documents to enroll in college, and a number of tasks. As a methodological tool for the task, the methodology used IDEF. 
337 |a Adobe Reader 
463 1 |0 (RuTPU)RU\TPU\conf\40  |t Технологии Microsoft в теории и практике программирования  |o сборник трудов X Всероссийской научно-практической конференции студентов, аспирантов и молодых ученых, г.Томск, 19-20 марта 2013 г.  |f Национальный исследовательский Томский политехнический университет (ТПУ), Институт кибернетики ; ред. кол. А. В. Лиепиньш и др.  |v [С. 243-245]  |d 2013 
610 1 |a электронный ресурс 
610 1 |a труды учёных ТПУ 
610 1 |a информационные системы 
610 1 |a функциональные модели 
610 1 |a бизнес-процессы 
700 1 |a Алексеева  |b А. А. 
702 1 |a Силич  |b В. А.  |c радиофизик  |c профессор Томского политехнического университета, доктор технических наук  |f 1946-  |g Виктор Алексеевич  |4 727 
702 1 |a Тараник  |b М. А.  |c специалист в области информатики и вычислительной техники  |c техник Томского политехнического университета  |f 1990-  |g Максим Алексеевич  |4 727 
712 0 2 |a Национальный исследовательский Томский политехнический университет (ТПУ)  |b Отдел элитного образования (ОЭО)  |3 (RuTPU)RU\TPU\col\18924 
712 0 2 |a Национальный исследовательский Томский политехнический университет (ТПУ)  |b Институт кибернетики (ИК)  |b Кафедра оптимизации систем управления (ОСУ)  |3 (RuTPU)RU\TPU\col\18702 
801 2 |a RU  |b 63413507  |c 20230518  |g RCR 
856 4 |u http://www.lib.tpu.ru/fulltext/c/2013/C28/095.pdf 
942 |c BK